[Event "ESP-ch 74th"]
[Site "Palma de Mallorca"]
[Date "2009.09.29"]
[Round "4"]
[White "Astasio Lopez, David"]
[Black "Diaz Rodriguez, Jose Carlos"]
[Result "1-0"]
[WhiteElo "2315"]
[BlackElo "2121"]
[PlyCount "77"]
[EventDate "2009.09.26"]
[EventType "swiss"]
[EventRounds "9"]
[EventCountry "ESP"]
[SourceTitle "CBM 132 Extra"]
[Source "ChessBase"]
[SourceDate "2009.11.03"]
[SourceVersion "1"]
[SourceVersionDate "2009.11.03"]
[SourceQuality "1"]

1. d4 Nf6 2. Nf3 d6 3. Nbd2 g6 4. e4 Bg7 5. Bc4 0-0 6. 0-0 Nxe4 7. Nxe4 d5 8. Bd3 dxe4 9. Bxe4 Nd7 10. c3 Nf6 11. Bc2 b6 12. Qe2 Bb7 13. Re1 e6 14. Bg5 Qd6 15. Rad1 Rfe8 16. a3 a5 17. Ne5 Nd5 18. Ba4 f6 19. Nc4 Qe7 20. Bxe8 Rxe8 21. Bd2 Qd7 22. Qg4 f5 23. Qg3 Qb5 24. Ne5 Qxb2 25. Nxg6 Qxa3 26. Nf4 Qd6 27. c4 Nf6 28. c5 Qc6 29. Bc3 Nd5 30. Nh5 Re7 31. Bd2 Kh8 32. Bg5 Rf7 33. Bf4 Nxf4 34. Nxf4 Bh6 35. d5 exd5 36. Re6 Qa4 37. Rde1 Bg7 38. Re8+ Rf8 39. Ne6 1-0

[Event "Seville op 32nd"]
[Site "Seville"]
[Date "2007.01.13"]
[Round "7"]
[White "Diaz Rodriguez, Jose Carlos"]
[Black "Garcia Luque, Agustin"]
[Result "0-1"]
[WhiteElo "2112"]
[BlackElo "2373"]
[PlyCount "86"]
[EventDate "2007.01.07"]
[EventType "swiss"]
[EventRounds "9"]
[EventCountry "ESP"]
[SourceTitle "CBM 116 Extra"]
[Source "ChessBase"]
[SourceDate "2007.03.07"]
[SourceVersion "1"]
[SourceVersionDate "2007.03.07"]
[SourceQuality "1"]

1. e4 c6 2. d4 d5 3. Nd2 dxe4 4. Nxe4 Nd7 5. Bc4 Ngf6 6. Ng5 e6 7. Ne2 Bd6 8. Ng3 0-0 9. 0-0 c5 10. dxc5 Bxc5 11. Qe2 a6 12. Bd3 h6 13. N5e4 Be7 14. Rd1 Qc7 15. Nh5 Nxh5 16. Qxh5 Qe5 17. Qf3 f5 18. Ng3 Qf6 19. Bc4 Ne5 20. Qb3 b5 21. Be2 Kh8 22. Bf4 Ng6 23. Bd6 Bb7 24. Nh5 Qf7 25. Bf3 Bxf3 26. Qxf3 Rac8 27. Bxe7 Qxe7 28. c3 Rc4 29. Rd4 Rxd4 30. cxd4 Rd8 31. Qg3 Kh7 32. Rd1 Rd5 33. Nf4 Nxf4 34. Qxf4 Qd7 35. h3 e5 36. Qf3 Rxd4 37. Re1 Rd3 38. Qh5 e4 39. g4 Rd1 40. Rxd1 Qxd1+ 41. Kg2 Qf3+ 42. Kg1 e3 43. fxe3 Qg3+ 0-1

[Event "ESP-ch op"]
[Site "Leon"]
[Date "2006.11.25"]
[Round "4"]
[White "Diaz Rodriguez, Jose Carlos"]
[Black "Tattersall Rodriguez, Lester Antonio"]
[Result "0-1"]
[WhiteElo "2133"]
[BlackElo "2254"]
[PlyCount "72"]
[EventDate "2006.11.22"]
[EventType "swiss"]
[EventRounds "9"]
[EventCountry "ESP"]
[SourceTitle "CBM 115 Extra"]
[Source "ChessBase"]
[SourceDate "2007.01.10"]
[SourceVersion "1"]
[SourceVersionDate "2007.01.10"]
[SourceQuality "1"]

1. e4 c5 2. Nf3 d6 3. Bc4 Nf6 4. Nc3 a6 5. a4 e6 6. Qe2 Be7 7. e5 dxe5 8. Nxe5 b6 9. d3 0-0 10. g4 Nd5 11. h4 Bb7 12. Rh3 Nc6 13. Nxc6 Bxc6 14. g5 b5 15. Bb3 Nxc3 16. bxc3 bxa4 17. Bxa4 Qa5 18. Bxc6 Qxa1 19. Kd2 Rab8 20. Qe4 Rb1 21. Rh1 Rd8 22. f4 Qa2 23. f5 c4 24. d4 Bd6 25. fxe6 fxe6 26. Qxe6+ Kh8 27. Qe4 Rf8 28. Re1 Qa5 29. Bd5 Qc7 30. Ba3 Rxe1 31. Bxd6 Qxd6 32. Kxe1 Qg3+ 33. Kd2 Qh2+ 34. Kc1 Rf1+ 35. Kb2 Qb8+ 36. Ka2 Rb1 0-1

[Event "Seville op 30th"]
[Site "Seville"]
[Date "2005.01.09"]
[Round "3"]
[White "Diaz Rodriguez, Jose Carlos"]
[Black "Mellado Trivino, Juan"]
[Result "0-1"]
[WhiteElo "2117"]
[BlackElo "2423"]
[PlyCount "67"]
[EventDate "2005.01.07"]
[EventType "swiss"]
[EventRounds "9"]
[EventCountry "ESP"]
[SourceTitle "CBM 104 Extra"]
[Source "ChessBase"]
[SourceDate "2005.03.01"]
[SourceVersion "1"]
[SourceVersionDate "2005.03.01"]
[SourceQuality "1"]

1. e4 e5 2. Nf3 Nc6 3. Bc4 Nf6 4. d3 Bc5 5. 0-0 d6 6. h3 a6 7. c3 Ba7 8. Re1 Na5 9. Qa4+ c6 10. Bxf7+ Kxf7 11. b4 Bb6 12. Ba3 c5 13. bxa5 Bxa5 14. Nbd2 Re8 15. d4 b5 16. Qb3+ c4 17. Nxc4 bxc4 18. Qxc4+ d5 19. Qb3 exd4 20. exd5 Qb6 21. Rxe8 Nxe8 22. Qc2 Nf6 23. Nxd4 Bd7 24. Nb3 Rc8 25. c4 Bb4 26. Bb2 Bb5 27. Qf5 Rxc4 28. Rd1 Bd7 29. Qf3 Qd6 30. Qd3 Rc8 31. Bxf6 Qxf6 32. Qxh7 Re8 33. Qh5+ Kg8 34. d6 0-1

[Event "ESP-ch op 68th"]
[Site "Burgos"]
[Date "2003.10.26"]
[Round "3"]
[White "Vassallo Barroche, Mauricio"]
[Black "Diaz Rodriguez, Jose Carlos"]
[Result "1-0"]
[WhiteElo "2384"]
[BlackElo "2106"]
[PlyCount "103"]
[EventDate "2003.10.24"]
[EventType "swiss"]
[EventRounds "9"]
[EventCountry "ESP"]
[SourceTitle "EXT 2004"]
[Source "ChessBase"]
[SourceDate "2003.11.25"]
[SourceVersion "1"]
[SourceVersionDate "2003.11.25"]
[SourceQuality "1"]

1. c4 Nf6 2. Nf3 e6 3. g3 b6 4. Bg2 Bb7 5. 0-0 Be7 6. Nc3 0-0 7. b3 d5 8. e3 Nbd7 9. Bb2 c5 10. Qe2 a6 11. Rfd1 Qc7 12. Rac1 Ne4 13. cxd5 exd5 14. d4 Nxc3 15. Bxc3 Qd6 16. Ne1 cxd4 17. Bxd4 Bf6 18. Qd3 Rac8 19. Bh3 Rxc1 20. Rxc1 Bxd4 21. Qxd4 Nc5 22. Nf3 Re8 23. Qf4 Qe7 24. Rd1 Ne4 25. Rc1 Nc5 26. Bf1 Qe4 27. Nd4 Qxf4 28. gxf4 Kf8 29. Bh3 a5 30. a3 Re7 31. Bf1 Ne6 32. Nb5 Rd7 33. Bh3 g6 34. Bxe6 fxe6 35. b4 axb4 36. axb4 Ke7 37. Nd4 Kd6 38. Nf3 h6 39. h4 Rg7 40. Kh2 Ba6 41. Nd4 Bc4 42. Rg1 Bd3 43. h5 e5 44. fxe5+ Kxe5 45. f4+ Kf6 46. Rd1 Bc4 47. e4 Ra7 48. e5+ Kf7 49. hxg6+ Kxg6 50. Rg1+ Kh5 51. f5 Ra2+ 52. Kg3 1-0

[Event "ESP-chT2"]
[Site "Pamplona"]
[Date "2001.??.??"]
[Round "?"]
[White "Diaz Rodriguez, Jose Carlos"]
[Black "Salas Arros, Cristian Eduardo"]
[Result "1-0"]
[WhiteElo "2101"]
[BlackElo "2320"]
[PlyCount "101"]
[EventDate "2001.??.??"]
[EventType "team-tourn"]
[EventRounds "9"]
[EventCountry "ESP"]
[SourceTitle "EXT 2003"]
[Source "ChessBase"]
[SourceDate "2002.11.25"]
[SourceVersion "1"]
[SourceVersionDate "2002.11.25"]
[SourceQuality "1"]

1. e4 c5 2. Nf3 e6 3. d4 cxd4 4. Nxd4 a6 5. Bd3 Nf6 6. 0-0 Qc7 7. Qe2 d6 8. c4 g6 9. b3 Bg7 10. Bb2 0-0 11. Nd2 Nbd7 12. Rad1 b6 13. N2f3 Bb7 14. Bb1 Rad8 15. Rfe1 Nc5 16. e5 Ng4 17. exd6 Rxd6 18. h3 Nf6 19. Bc2 Rdd8 20. Ng5 Rfe8 21. b4 Ncd7 22. Bb3 e5 23. Nc2 Qc6 24. Ne3 Ne4 25. Nf3 h6 26. Nd5 Nef6 27. b5 axb5 28. cxb5 Qc8 29. Rc1 Qb8 30. Nc7 Re7 31. Ba3 Nc5 32. Bxc5 bxc5 33. b6 Ne8 34. Nxe8 Rexe8 35. Rxc5 Re7 36. Rec1 Red7 37. Rc7 Qa8 38. Rxd7 Rxd7 39. Nxe5 Re7 40. f4 Kh7 41. Qc2 Bxe5 42. fxe5 Rxe5 43. Bxf7 Rg5 44. g4 Qd8 45. Qf2 Re5 46. Bb3 Re7 47. Rd1 Qe8 48. Bc4 Re3 49. Rd7+ Re7 50. Rxe7+ Qxe7 51. Qf7+ 1-0

[Event "ESP-chT2"]
[Site "Pamplona"]
[Date "2001.??.??"]
[Round "?"]
[White "Rubio Mancebon, Pedro Jose"]
[Black "Diaz Rodriguez, Jose Carlos"]
[Result "1-0"]
[WhiteElo "2031"]
[BlackElo "2101"]
[PlyCount "115"]
[EventDate "2001.??.??"]
[EventType "team-tourn"]
[EventRounds "9"]
[EventCountry "ESP"]
[SourceTitle "EXT 2003"]
[Source "ChessBase"]
[SourceDate "2002.11.25"]
[SourceVersion "1"]
[SourceVersionDate "2002.11.25"]
[SourceQuality "1"]

1. d4 d6 2. c4 Nf6 3. Nc3 g6 4. g3 Bg7 5. Bg2 0-0 6. Nf3 Nbd7 7. 0-0 e5 8. e4 exd4 9. Nxd4 a6 10. h3 Re8 11. Be3 Rb8 12. a4 c5 13. Nde2 Nb6 14. b3 Be6 15. Ra2 Qc7 16. Rd2 Bxc4 17. bxc4 Nxc4 18. Rc2 Nxe3 19. fxe3 b5 20. axb5 axb5 21. Nf4 b4 22. Ncd5 Qd8 23. Rcf2 Nxe4 24. Bxe4 Rxe4 25. Qf3 f5 26. g4 Qg5 27. Ng2 Re5 28. Ngf4 fxg4 29. hxg4 Rf8 30. Nc7 Qe7 31. Ncd5 Qd7 32. Nb6 Qb5 33. Nbd5 g5 34. Qh3 gxf4 35. Rh2 Qxf1+ 36. Qxf1 fxe3 37. Qh3 h6 38. Nxe3 Rfe8 39. Re2 d5 40. Qf3 d4 41. Rf2 dxe3 42. Qf7+ Kh8 43. Re2 Rd8 44. Qb3 Red5 45. Kg2 Rd2 46. Kf3 Rxe2 47. Kxe2 Bd4 48. Qe6 Ra8 49. Qxh6+ Kg8 50. Qg5+ Kf8 51. Qf5+ Ke7 52. Qe4+ Kf6 53. Qxa8 b3 54. Qd8+ Kg7 55. Qc7+ Kf6 56. Qb6+ Kg5 57. Qxb3 Kxg4 58. Qe6+ 1-0